000 00725nam a2200253Ia 4500
003 OSt
005 20220925222751.0
006 a|||||r|||| 00| 0
007 ta
008 220923b |||||||| |||| 00| 0 eng d
020 _cPd 4.95
037 _cGeneral Book
040 _aRTL
_cRTL
_beng
041 _2eng
_aeng
082 _aX:95855.3.N7, M0
100 _aDaniel W W
_9136275
245 0 _aMaternity rights
_b The experience of women
260 _aLondon
_bPolicy Stuties Institute
_c1980
300 _a118p
_ccm.
490 _aPolicy Stuties Institute, Publication. 588
650 _aSocial Benefit
942 _hX:95855.3.N7, M0
_cGB
_2CC
999 _c577719
_d577719